000 00584nam a22001817a 4500
003 BD-DhUL
005 20160822102945.0
008 160114s1971 bg |||| |||| 000 0 ben
040 _aBD-DhUL
_cBD-DhUL
082 _a323.2
_bSHR
100 1 _aআহমেদ, শিরিন
245 1 0 _aরক্তে আঁকা বাংলাদেশ /
_cশিরিন আহমেদ
260 _aঢাকা :
_bনলেজ ভিউ,
_c১৯৭১.
300 _a৬৭ পৃ. ;
_c২২ সেমি.
365 _aBDT
_b250
651 0 _aBangladesh
_xHIstory
942 _2ddc
_cBK
999 _c100196
_d100196